Psychological, spiritual and philosophical study of yoga science and health (Record no. 396164)

MARC details
000 -LEADER
fixed length control field 00581 a2200205 4500
005 - DATE & TIME
control field 20260318090149.0
008 - FIXED-LENGTH DATA ELEMENTS--GENERAL INFORMATION
fixed length control field 260316b |||||||| |||| 00| 0 eng d
020 ## - ISBN
International Standard Book Number 9789384603861
Price Rs. 495.00
040 ## - CATALOGING SOURCE
Original cataloging agency VIVEKANANDA LIBRARY
082 ## - DDC NUMBER
Classification number 181.45
Book Number S23P
100 ## - MAIN ENTRY--PERSONAL NAME
Personal name Sharma, Hiralal
245 ## - TITLE STATEMENT
Title Psychological, spiritual and philosophical study of yoga science and health
260 ## - PUBLICATION, DISTRIBUTION, ETC. (IMPRINT)
Place of publication, distribution, etc New Delhi
Name of publisher, distributor, etc Sports Educational Technologies
Date of publication, distribution, etc 2022
300 ## - PHYSICAL DESCRIPTION
Pages xxvi, 69
650 ## - Subject
Subject Philosophy
650 ## - Subject
Subject Indian Philosophy
650 ## - Subject
Subject Yoga Science
700 ## - Added Entry Personal Name
Added Entry Personal Name Sharma, S
942 ## - ADDED ENTRY ELEMENTS (KOHA)
Koha item type Books
Holdings
Withdrawn status Lost status Source of classification or shelving scheme Damaged status Not for loan Location (home branch) Sublocation or collection (holding branch) Shelving location Date acquired Koha issues (times borrowed) Koha full call number Accession No. Koha date last seen Koha item type
    Dewey Decimal Classification     VIVEKANANDA LIBRARY VIVEKANANDA LIBRARY Vivekananda Library 19/02/2026   181.45 S23P 438486 19/02/2026 Books
    Dewey Decimal Classification     VIVEKANANDA LIBRARY VIVEKANANDA LIBRARY Vivekananda Library 19/02/2026   181.45 S23P 438487 19/02/2026 Books
© Designed and Maintained by Vivekananda Library, MDU Rohtak